[Event "Emilia Romagna-ch"]
[Site "Piacenza"]
[Date "2024.05.11"]
[Round "4"]
[White "Magagni, Samuele"]
[Black "Vaccari, Luigi"]
[Result "1-0"]
[WhiteElo "1917"]
[BlackElo "1577"]
[PlyCount "84"]
[EventDate "2024.05.10"]
[EventType "swiss"]
[EventRounds "6"]
[EventCountry "ITA"]
[SourceTitle "CBM 220 Extra"]
[Source "ChessBase"]
[SourceDate "2024.07.31"]
[SourceVersion "1"]
[SourceVersionDate "2024.07.31"]
[SourceQuality "1"]

1. d4 Nf6 2. c4 e5 3. dxe5 Ng4 4. Nf3 Bc5 5. e3 Nc6 6. Nd4 Ngxe5 7. Nc3 d6 8. Be2 Bd7 9. 0-0 Ng6 10. a3 a5 11. b3 0-0 12. Bb2 Nce7 13. Bf3 c6 14. Ne4 Bxd4 15. Qxd4 Nf5 16. Qc3 f6 17. Rad1 Qe7 18. Qd3 d5 19. cxd5 Ne5 20. Bxe5 Qxe5 21. Nc5 Rf7 22. Nxd7 Rxd7 23. Qc4 Nd6 24. Qd4 Qxd4 25. exd4 cxd5 26. Bxd5+ Kf8 27. Bc4 Rad8 28. Be6 Rc7 29. a4 b5 30. Rc1 Rb7 31. Bd5 Rbb8 32. Bc6 bxa4 33. bxa4 Rb4 34. d5 Nc4 35. g3 Ke7 36. Rfe1+ Kf8 37. Re4 Nd6 38. Rxb4 axb4 39. Rb1 Rb8 40. a5 Nc8 41. a6 Ke7 42. Bb7 Nd6 1-0

[Event "Emilia Romagna-ch"]
[Site "Piacenza"]
[Date "2024.05.11"]
[Round "3"]
[White "Molinelli, Luigi"]
[Black "Magagni, Samuele"]
[Result "0-1"]
[WhiteElo "1522"]
[BlackElo "1917"]
[PlyCount "62"]
[EventDate "2024.05.10"]
[EventType "swiss"]
[EventRounds "6"]
[EventCountry "ITA"]
[SourceTitle "CBM 220 Extra"]
[Source "ChessBase"]
[SourceDate "2024.07.31"]
[SourceVersion "1"]
[SourceVersionDate "2024.07.31"]
[SourceQuality "1"]

1. b3 e5 2. Bb2 Nc6 3. e3 d6 4. Bb5 Bd7 5. Nf3 Nf6 6. d4 e4 7. Nfd2 d5 8. a3 Ne7 9. Bxd7+ Qxd7 10. Qe2 Ng6 11. c4 c6 12. Nc3 Bd6 13. cxd5 cxd5 14. Qb5 a6 15. Qxd7+ Kxd7 16. Na4 Ke7 17. Rc1 Rac8 18. Nc5 Rc7 19. b4 Rhc8 20. 0-0 Kd8 21. h3 a5 22. Ndb3 axb4 23. axb4 b6 24. Na6 Rc2 25. Ba3 Rxc1 26. Rxc1 Ra8 27. Rc6 Rxa6 28. Rxd6+ Ke7 29. Rc6 Rxa3 30. Rc3 Ne8 31. f3 Nd6 0-1

[Event "Emilia Romagna-ch"]
[Site "Piacenza"]
[Date "2024.05.10"]
[Round "1"]
[White "Ghidini, Saverio Riccardo"]
[Black "Magagni, Samuele"]
[Result "1-0"]
[WhiteElo "1557"]
[BlackElo "1917"]
[PlyCount "123"]
[EventDate "2024.05.10"]
[EventType "swiss"]
[EventRounds "6"]
[EventCountry "ITA"]
[SourceTitle "CBM 220 Extra"]
[Source "ChessBase"]
[SourceDate "2024.07.31"]
[SourceVersion "1"]
[SourceVersionDate "2024.07.31"]
[SourceQuality "1"]

1. e4 c5 2. Nf3 Nc6 3. Bb5 e6 4. 0-0 Nge7 5. d4 cxd4 6. Nxd4 Nxd4 7. Qxd4 Nc6 8. Bxc6 bxc6 9. Be3 d5 10. exd5 cxd5 11. Nd2 f6 12. c4 Bb7 13. cxd5 Qxd5 14. Qxd5 Bxd5 15. b3 Bb4 16. Rac1 Kd7 17. Rfd1 Rac8 18. Nc4 Rc7 19. Bf4 Rc6 20. Ne3 Rxc1 21. Rxc1 Bc6 22. Rd1+ Ke7 23. Nc4 Rd8 24. Rxd8 Kxd8 25. f3 Kd7 26. Kf2 e5 27. Bd2 Be7 28. Be3 a6 29. Ke2 Ke6 30. Kd3 f5 31. Ke2 e4 32. fxe4 Bxe4 33. g3 Bb1 34. a3 Ba2 35. Nd2 Bxa3 36. Kd3 a5 37. Kc2 a4 38. Bd4 g6 39. bxa4 Bd6 40. a5 f4 41. gxf4 Bxf4 42. h3 Kd5 43. Bf2 g5 44. a6 Kc6 45. a7 Kb7 46. Ne4 h6 47. Kc3 Bb1 48. Nc5+ Ka8 49. Ne6 Be5+ 50. Kb4 Bf5 51. Nxg5 hxg5 52. h4 g4 53. Bc5 g3 54. Kc4 Be4 55. h5 g2 56. Bg1 Kb7 57. Kb5 Bf4 58. Kc4 Bf3 59. Kd3 Kc8 60. Kc4 Bxh5 61. a8Q+ Kd7 62. Qd5+ 1-0